[Event "HCL-A028"]
[Site "www.playchess.de"]
[Date "2000.12.02"]
[Round "8"]
[White "KingGeorge"]
[Black "Broda"]
[WhiteElo "1800"]
[BlackElo "1892"]
[PlyCount "45"]
[Result "1-0"]

1.e4 e5 2.f4 Bc5 3.Nf3 d6 4.Bc4 Nc6 5.d3 Nf6 6.a3 
Ng4 7.Rf1 Be3 8.h3 Bxc1 9.Qxc1 Nh6 10.Nc3 Nd4 
11.fxe5 Nxf3+ 12.Rxf3 dxe5 13.g4 Qh4+ 14.Kf1 c6 
15.Kg2 Bd7 16.g5 Rg8 17.gxh6 gxh6+ 18.Kh2 Bxh3 
19.Bxf7+ Ke7 20.Bxg8 Rxg8 21.Qe1 Qg5 22.Qf2 Be6 
23.Rh3 1-0

[Event "HCL-A039"]
[Site "www.playchess.de"]
[Date "2000.12.02"]
[Round "14"]
[White "anthon_der_schreck"]
[Black "bondegnasker"]
[WhiteElo "1700"]
[BlackElo "1621"]
[PlyCount "67"]
[Result "1-0"]

1.d4 e6 2.e4 d5 3.exd5 exd5 4.Nf3 c6 5.Bd3 Bd6 
6.O-O Ne7 7.c4 dxc4 8.Bxc4 O-O 9.Nc3 Nd7 10.Bb3 
Nb6 11.Bg5 Qc7 12.Re1 Kh8 13.Bxe7 Bxe7 14.Ne5 Bd6 
15.Rc1 Bxe5 16.Rxe5 Bd7 17.Qh5 Qd6 18.Ne4 Qxd4 
19.Ng5 h6 20.Rce1 f6 21.Nf7+ Rxf7 22.R5e4 Qxe4 
23.Rxe4 Rff8 24.Qc5 Rfe8 25.f3 Rxe4 26.fxe4 Re8 
27.Bf7 Rd8 28.Qe7 Rc8 29.a4 a5 30.Qc5 Na8 31.Qxa5 
Be8 32.Be6 Rb8 33.Qa7 Rd8 34.Qxb7 1-0

[Event "HCL-A050"]
[Site "www.playchess.de"]
[Date "2000.12.02"]
[Round "1"]
[White "Matti"]
[Black "Baur"]
[WhiteElo "1700"]
[BlackElo "1700"]
[PlyCount "58"]
[Result "0-1"]

1.e4 e6 2.d4 d5 3.Nc3 Bb4 4.a3 Bxc3+ 5.bxc3 Ne7 
6.f3 c5 7.Be3 Nbc6 8.Bb5 cxd4 9.Bxc6+ Nxc6 10.cxd4 
dxe4 11.c3 exf3 12.Nxf3 O-O 13.O-O b6 14.Qd3 Bb7 
15.Ng5 g6 16.Qe4 Rc8 17.Qh4 h5 18.g4 Ne7 19.gxh5 
Qd5 20.Rf3 Nf5 21.Qg4 Nxe3 22.Rxe3 Qh1+ 23.Kf2 
Qxa1 24.h6 Rxc3 25.h7+ Kg7 26.Qf4 Rc2+ 27.Kg3 Qg1+ 
28.Kh3 Qg2+ 29.Kh4 Qxh2+ 0-1

[Event "HCL-A054"]
[Site "www.playchess.de"]
[Date "2000.12.02"]
[Round "23"]
[White "Mathemagician"]
[Black "peze3"]
[WhiteElo "1586"]
[BlackElo "1700"]
[PlyCount "21"]
[Result "1/2-1/2"]

1.e4 e5 2.Nf3 Nf6 3.Nxe5 d6 4.Nf3 Nxe4 5.d4 d5 
6.Bd3 Bd6 7.O-O O-O 8.c4 c6 9.Re1 Re8 10.Qc2 Nf6 
11.Rxe8+ 1/2-1/2

[Event "HCL-B060"]
[Site "www.playchess.de"]
[Date "2000.12.02"]
[Round "32"]
[White "cobango_00"]
[Black "Pelikan"]
[WhiteElo "1200"]
[BlackElo "1228"]
[PlyCount "38"]
[Result "0-1"]

1.e4 c5 2.Nf3 d6 3.Bc4 e6 4.Nc3 Nf6 5.d4 cxd4 
6.Nxd4 a6 7.Bg5 Be7 8.Bxf6 Bxf6 9.O-O O-O 10.f4 
Qb6 11.Nce2 e5 12.f5 exd4 13.Kh1 Nc6 14.c3 Ne5 
15.Bb3 Ng4 16.Nxd4 Ne3 17.Qf3 Nxf1 18.Rxf1 Bd7 
19.g4 Rae8 0-1

[Event "HCL-B099"]
[Site "www.playchess.de"]
[Date "2000.12.02"]
[Round "33"]
[White "Sturk"]
[Black "Gruhni"]
[WhiteElo "1629"]
[BlackElo "1410"]
[PlyCount "30"]
[Result "1/2-1/2"]

1.e4 e5 2.Nf3 Nc6 3.Bc4 Bc5 4.c3 d6 5.d4 exd4 
6.cxd4 Bb6 7.Nc3 Bg4 8.Be3 Bxf3 9.gxf3 Nf6 10.Rc1 
O-O 11.Rg1 Ba5 12.Bh6 Ne8 13.Rg4 Kh8 14.Be3 Nf6 
15.Bg5 h6 1/2-1/2

[Event "HCL-B099"]
[Site "www.playchess.de"]
[Date "2000.12.02"]
[Round "34"]
[White "terrydean"]
[Black "Sturk"]
[WhiteElo "1200"]
[BlackElo "1629"]
[PlyCount "76"]
[Result "0-1"]

1.e4 e5 2.Nf3 Nc6 3.Bc4 Bc5 4.c3 Nf6 5.d3 d6 6.h3 
h6 7.b4 Bb6 8.O-O O-O 9.a3 a6 10.a4 Be6 11.Bxe6 
fxe6 12.Nbd2 Qd7 13.Bb2 Ne7 14.c4 Ng6 15.d4 exd4 
16.Bxd4 Bxd4 17.Nxd4 Nf4 18.Qf3 Nh7 19.Ra2 Ng5 
20.Qe3 Qf7 21.N2f3 Ngxh3+ 22.gxh3 Qg6+ 23.Ng5 
Qxg5+ 24.Qg3 Qxg3+ 25.fxg3 Nxh3+ 26.Kg2 Rxf1 
27.Kxf1 Rf8+ 28.Kg2 Ng5 29.Re2 g6 30.a5 e5 31.Nc2 
Rf3 32.Ne3 Kg7 33.Nd5 c6 34.Re3 Rxe3 35.Nxe3 Nxe4 
36.Kf3 Ng5+ 37.Kg2 Kf6 38.g4 Ke6 0-1

[Event "HCL-B101"]
[Site "www.playchess.de"]
[Date "2000.12.02"]
[Round "8"]
[White "jack-up"]
[Black "Hubble"]
[WhiteElo "1424"]
[BlackElo "1733"]
[PlyCount "63"]
[Result "1-0"]

1.e4 e5 2.Nf3 Nc6 3.b3 Nf6 4.Nc3 Bc5 5.Bc4 O-O 
6.h3 d6 7.Bb2 Nd4 8.Nd5 Nxe4 9.Bxd4 exd4 10.O-O c6 
11.Nf4 g5 12.Nd3 d5 13.Nxc5 Nxc5 14.Be2 d3 15.cxd3 
f6 16.Nd4 Re8 17.Re1 Qe7 18.Qc2 Qd6 19.Bh5 Re7 
20.Re2 Rxe2 21.Nxe2 Bf5 22.Re1 Bxd3 23.Qd1 Ne4 
24.Nd4 Qf4 25.Nf3 f5 26.Re3 Ba6 27.Qe1 g4 28.g3 
Qh6 29.hxg4 fxg4 30.Bxg4 Rf8 31.d3 d4 
32.Rxe4 1-0

[Event "HCL-B101"]
[Site "www.playchess.de"]
[Date "2000.12.02"]
[Round "20"]
[White "daphatmon"]
[Black "Hubble"]
[WhiteElo "1582"]
[BlackElo "1733"]
[PlyCount "84"]
[Result "1/2-1/2"]

1.Nc3 d5 2.d4 Nf6 3.e3 Bf5 4.Bd3 Bxd3 5.cxd3 e6 
6.Nge2 Nbd7 7.O-O c5 8.dxc5 Bxc5 9.d4 Be7 10.Re1 
O-O 11.Bd2 Rc8 12.Qb3 Nb6 13.Qd1 a6 14.Rc1 Nc4 
15.Rb1 Bd6 16.Bc1 Ng4 17.g3 Qf6 18.Nf4 Nh6 19.e4 
Bxf4 20.Bxf4 dxe4 21.Nxe4 Qf5 22.Bxh6 gxh6 23.b3 
Na3 24.Rc1 Nb5 25.Rxc8 Rxc8 26.a4 Nc3 27.Qd3 Nxe4 
28.Qxe4 Qxe4 29.Rxe4 Kg7 30.Kg2 Kf6 31.Kf3 Rc3+ 
32.Re3 Rxe3+ 33.fxe3 a5 34.Kf4 h5 35.h4 h6 36.e4 
Ke7 37.Ke3 Kd6 38.Kd3 e5 39.Kc4 exd4 40.Kxd4 f6 
41.Kc4 Kc6 42.Kd4 Kd6 1/2-1/2

[Event "HCL-B106"]
[Site "www.playchess.de"]
[Date "2000.12.02"]
[Round "12"]
[White "Hubble"]
[Black "peze"]
[WhiteElo "1659"]
[BlackElo "1818"]
[PlyCount "46"]
[Result "0-1"]

1.Nf3 d5 2.d4 c6 3.c3 Bf5 4.g3 Nd7 5.Bg2 e6 6.Bf4 
Be7 7.O-O g5 8.Bd2 g4 9.Ne1 Qb6 10.b3 h5 11.f3 Bg6 
12.e4 gxf3 13.Bxf3 dxe4 14.Bg2 h4 15.g4 O-O-O 
16.Qe2 f5 17.gxf5 exf5 18.Bh3 Rf8 19.Nc2 Bh5 
20.Qf2 Ngf6 21.Qxf5 Rhg8+ 22.Bg5 Qc7 23.Kh1 
Ng4 0-1

[Event "HCL-B106"]
[Site "www.playchess.de"]
[Date "2000.12.02"]
[Round "17"]
[White "peze"]
[Black "Matu"]
[WhiteElo "1818"]
[BlackElo "1257"]
[PlyCount "51"]
[Result "1-0"]

1.e4 c6 2.d4 d5 3.Nc3 dxe4 4.Nxe4 Bf5 5.Ng3 Bg6 
6.h4 h6 7.h5 Bh7 8.Nf3 Nf6 9.Bd3 Bxd3 10.Qxd3 e6 
11.Bf4 Nd5 12.Be5 Nd7 13.O-O Nxe5 14.dxe5 Bc5 
15.Ne4 Qb6 16.Nfd2 Nb4 17.Qe2 Be7 18.Nc4 Qc7 
19.Ncd6+ Bxd6 20.Nxd6+ Kf8 21.Rad1 Rd8 22.Nxb7 
Rxd1 23.Rxd1 Nd5 24.Nd6 Nb6 25.Qf3 Kg8 
26.Nxf7 1-0

[Event "HCL-B110"]
[Site "www.playchess.de"]
[Date "2000.12.02"]
[Round "20"]
[White "Martin"]
[Black "Spiridonas"]
[WhiteElo "1248"]
[BlackElo "1627"]
[PlyCount "55"]
[Result "1-0"]

1.e4 b6 2.d4 Bb7 3.Nc3 g6 4.Bd3 Bg7 5.Nf3 e6 6.O-O 
Ne7 7.Bg5 h6 8.Be3 d6 9.Bb5+ Nd7 10.e5 a6 11.Ba4 
b5 12.Bb3 g5 13.Re1 Ng6 14.Qd3 g4 15.Nd2 Qh4 
16.Nde4 Ndxe5 17.dxe5 Bxe5 18.Ng3 Bxg2 19.Kxg2 
Qh3+ 20.Kh1 Nh4 21.Qf1 Rg8 22.Qxh3 gxh3 23.Nce2 
Nf3 24.Red1 Bxb2 25.Rab1 Be5 26.Bf4 Bxf4 27.Nxf4 
Rg4 28.Nxh3 1-0

[Event "HCL-B120"]
[Site "www.playchess.de"]
[Date "2000.12.02"]
[Round "10"]
[White "Sportman"]
[Black "iq160"]
[WhiteElo "1200"]
[BlackElo "1200"]
[PlyCount "28"]
[Result "0-1"]

1.d4 e6 2.e3 b6 3.Bd3 Bb7 4.Nf3 Nf6 5.Nbd2 c5 6.c3 
Be7 7.O-O Nc6 8.Re1 O-O 9.e4 cxd4 10.cxd4 Nb4 
11.Bb1 Ba6 12.Qb3 Rc8 13.a3 Nc6 14.Bd3 
Na5 0-1

[Event "HCL-B124"]
[Site "www.playchess.de"]
[Date "2000.12.02"]
[Round "14"]
[White "Salo"]
[Black "Bill"]
[WhiteElo "1500"]
[BlackElo "1196"]
[PlyCount "61"]
[Result "1-0"]

1.d4 d5 2.Nf3 Nf6 3.c4 dxc4 4.g3 Nc6 5.Bg2 Bf5 
6.O-O g6 7.Ne5 Nxe5 8.dxe5 Ng4 9.Bxb7 Rb8 10.Bc6+ 
Bd7 11.Bxd7+ Qxd7 12.e6 Qxe6 13.Qd4 Bg7 14.Qxg7 
Kd7 15.Qd4+ Kc6 16.Na3 Rhd8 17.Qxc4+ Kd7 18.Rd1+ 
Ke8 19.Rxd8+ Rxd8 20.Qxe6 Rd1+ 21.Kg2 fxe6 22.Nc2 
Rd5 23.Ne3 Nxe3+ 24.Bxe3 a5 25.Rc1 Kd7 26.Rc4 e5 
27.Rc5 Rxc5 28.Bxc5 e4 29.a4 e6 30.Bd4 h5 
31.Bc3 1-0

[Event "HCL-B126"]
[Site "www.playchess.de"]
[Date "2000.12.02"]
[Round "14"]
[White "Stephen21"]
[Black "Gruhni"]
[WhiteElo "1233"]
[BlackElo "1386"]
[PlyCount "66"]
[Result "0-1"]

1.Nf3 Nc6 2.Nc3 e5 3.d4 exd4 4.Nxd4 Nxd4 5.Qxd4 
Nf6 6.Bg5 Be7 7.e3 O-O 8.Nd5 Nxd5 9.Qxd5 Bxg5 
10.Bd3 c6 11.Qf5 g6 12.Qc5 d5 13.O-O Be6 14.Rae1 
Be7 15.Qd4 Qb6 16.Qc3 Bb4 17.Qb3 Bxe1 18.Qxb6 axb6 
19.Rxe1 Rxa2 20.b3 Rfa8 21.h3 Bf5 22.Bxf5 gxf5 
23.g4 fxg4 24.hxg4 Rxc2 25.Kg2 Raa2 26.Kg3 Rcxf2 
27.e4 dxe4 28.Rxe4 f5 29.gxf5 Rxf5 30.Re8+ Kg7 
31.Re7+ Rf7 32.Rxf7+ Kxf7 33.Kg4 
Rf2 0-1

[Event "HCL-C063"]
[Site "www.playchess.de"]
[Date "2000.12.02"]
[Round "23"]
[White "arsenic"]
[Black "nikk"]
[WhiteElo "1062"]
[BlackElo "1000"]
[PlyCount "70"]
[Result "0-1"]

1.e4 e6 2.d4 d5 3.Nc3 Bb4 4.e5 c5 5.a3 Bxc3+ 
6.bxc3 c4 7.Qg4 g6 8.Nf3 Qa5 9.Bd2 Bd7 10.Be2 Ba4 
11.Bd1 Ne7 12.O-O Nbc6 13.Ng5 h6 14.Nh3 O-O-O 
15.Ra2 Rdg8 16.Qf3 Nf5 17.g4 Nfxd4 18.Qxf7 Nd8 
19.Qe7 N4c6 20.Qf6 Qc7 21.Bf4 g5 22.Bg3 Rgf8 
23.Qg6 Nxe5 24.Bxe5 Qxe5 25.f4 Qxc3 26.Rf3 Qd4+ 
27.Nf2 Be8 28.c3 Qxd1+ 29.Nxd1 Bxg6 30.Raf2 Be4 
31.Rh3 Rxf4 32.Rb2 Rxg4+ 33.Rg3 Rxg3+ 34.hxg3 Rf8 
35.Ne3 Rf3 0-1

[Event "HCL-C066"]
[Site "www.playchess.de"]
[Date "2000.12.02"]
[Round "24"]
[White "BorEl"]
[Black "helmet"]
[WhiteElo "1551"]
[BlackElo "1299"]
[PlyCount "55"]
[Result "1-0"]

1.e4 c6 2.d4 d5 3.Nc3 dxe4 4.Nxe4 e6 5.Nf3 Be7 
6.Bd3 Nd7 7.O-O Ngf6 8.Ng3 c5 9.c3 O-O 10.Re1 cxd4 
11.cxd4 Nb6 12.Bf4 Nbd5 13.Be5 Bd7 14.Rc1 Qb6 
15.Qe2 Bb4 16.Nd2 Qd8 17.a3 Ba5 18.b4 Bb6 19.Nb3 
Rc8 20.Nc5 Bxc5 21.dxc5 a6 22.Rcd1 Ba4 23.Rd2 Qd7 
24.Bxf6 gxf6 25.Qh5 f5 26.Nxf5 exf5 27.Bxf5 Qxf5 
28.Qxf5 1-0

[Event "HCL-C076"]
[Site "www.playchess.de"]
[Date "2000.12.02"]
[Round "14"]
[White "CEAuke"]
[Black "PHATP"]
[WhiteElo "947"]
[BlackElo "1000"]
[PlyCount "49"]
[Result "1-0"]

1.d4 e6 2.Bf4 Bb4+ 3.c3 Ba5 4.Nf3 b6 5.b4 Nc6 
6.bxa5 Nxa5 7.e3 Nc4 8.Bxc4 h6 9.h4 g5 10.hxg5 Rh7 
11.gxh6 Bb7 12.Qd3 Nf6 13.Bg5 Qe7 14.Bxf6 Qxf6 
15.Qxh7 Ke7 16.Qg7 Qg6 17.Qxg6 fxg6 18.h7 Rh8 
19.Rh2 Be4 20.Nbd2 Bf5 21.e4 Bg4 22.Ne5 g5 23.Ng6+ 
Kf6 24.Nxh8 c6 25.Nf7 1-0

[Event "HCL-C084"]
[Site "www.playchess.de"]
[Date "2000.12.02"]
[Round "14"]
[White "MAURICE"]
[Black "Dirk_Dashing"]
[WhiteElo "474"]
[BlackElo "1000"]
[PlyCount "37"]
[Result "1-0"]

1.e4 e5 2.Bc4 Nc6 3.Nc3 Nf6 4.Nf3 Bb4 5.a3 Bxc3 
6.Rb1 Ba5 7.b4 Bb6 8.Rb3 Nxe4 9.Bb2 d5 10.Bxd5 
Qxd5 11.Rd3 Bxf2+ 12.Ke2 Nd4+ 13.Kf1 Bg4 14.h3 
Bxf3 15.gxf3 f5 16.Rh2 Bg3 17.Rg2 O-O 18.Re3 Bf4 
19.Rc3 1-0

[Event "HCL-C085"]
[Site "www.playchess.de"]
[Date "2000.12.02"]
[Round "7"]
[White "juszuf"]
[Black "ksadler"]
[WhiteElo "1000"]
[BlackElo "699"]
[PlyCount "25"]
[Result "1-0"]

1.Nf3 d5 2.Nc3 Nf6 3.g3 e6 4.Bg2 Bb4 5.O-O O-O 
6.Nd4 Nc6 7.e4 dxe4 8.Nxe4 Nxd4 9.c3 Bc5 10.b4 Bd6 
11.cxd4 Nxe4 12.Bxe4 Bxb4 13.d5 1-0

[Event "HCL-C086"]
[Site "www.playchess.de"]
[Date "2000.12.02"]
[Round "10"]
[White "donkey"]
[Black "Gabaldon"]
[WhiteElo "800"]
[BlackElo "1306"]
[PlyCount "27"]
[Result "1-0"]

1.c4 g6 2.d4 c5 3.Nf3 Bg7 4.e3 cxd4 5.exd4 d6 
6.Be2 Nf6 7.Nc3 O-O 8.O-O Nc6 9.d5 Nb4 10.a3 Na6 
11.Be3 Nc7 12.Qd2 b5 13.cxb5 Bb7 
14.Bc4 1-0

[Event "HCL-C090"]
[Site "www.playchess.de"]
[Date "2000.12.02"]
[Round "12"]
[White "mbshier"]
[Black "flywheel"]
[WhiteElo "1000"]
[BlackElo "1336"]
[PlyCount "99"]
[Result "1-0"]

1.Nf3 d5 2.d4 Bg4 3.e3 Nc6 4.Be2 e6 5.O-O Bb4 6.c3 
Ba5 7.Qc2 Nf6 8.Nbd2 O-O 9.e4 dxe4 10.Nxe4 Bf5 
11.Bd3 Nxe4 12.Bxe4 Bxe4 13.Qxe4 h6 14.Bf4 Qd5 
15.Qxd5 exd5 16.Rfe1 b5 17.Ne5 Nxe5 18.Rxe5 c6 
19.Bd2 Bc7 20.Re2 Rfe8 21.Rae1 Rxe2 22.Rxe2 a5 
23.h3 g5 24.a3 a4 25.Kf1 Bb6 26.h4 gxh4 27.Bxh6 c5 
28.dxc5 Bxc5 29.Rd2 Rd8 30.Bg5 Rd7 31.Bxh4 d4 
32.Bf6 Rd5 33.Bxd4 Bxd4 34.Rxd4 Rh5 35.Rb4 Rh1+ 
36.Ke2 Rh5 37.f4 Kf8 38.g4 Rd5 39.Ke3 Ke7 40.Ke4 
Kd6 41.Rd4 Rxd4+ 42.Kxd4 f6 43.g5 f5 44.g6 Ke6 
45.g7 Kf7 46.Ke5 Kxg7 47.Kxf5 Kf7 48.Ke5 Ke7 
49.Kd5 Kd7 50.Kc5 1-0

[Event "HCL-C116"]
[Site "www.playchess.de"]
[Date "2000.12.02"]
[Round "2"]
[White "lulu"]
[Black "rafita"]
[WhiteElo "1194"]
[BlackElo "1243"]
[PlyCount "61"]
[Result "0-1"]

1.e4 d6 2.d4 Nf6 3.Nc3 g6 4.Bc4 Bg7 5.Nf3 O-O 6.h3 
c5 7.d5 Nbd7 8.O-O a6 9.Bf4 b5 10.Be2 b4 11.Nb1 
Nxe4 12.Qc1 Nb6 13.Bh6 Nxd5 14.Bxg7 Kxg7 15.Bd3 
Ndf6 16.Nbd2 Bf5 17.Nxe4 Bxe4 18.Qe3 Bxd3 19.Qxd3 
Qb6 20.Rfe1 e6 21.Rad1 Rad8 22.Nd2 d5 23.b3 Qb5 
24.Qxb5 axb5 25.Nf3 Rda8 26.Rda1 Ra6 27.Ne5 Rfa8 
28.c4 bxc3 29.e.p Re2 30.Ne4 Rc2 
31.b4 0-1

[Event "HCL-C122"]
[Site "www.playchess.de"]
[Date "2000.12.02"]
[Round "2"]
[White "mbshier"]
[Black "love_spuds"]
[WhiteElo "1465"]
[BlackElo "800"]
[PlyCount "37"]
[Result "1-0"]

1.Nf3 d5 2.d4 Nf6 3.e3 Bg4 4.c3 c5 5.Bd3 c4 6.Bc2 
Nc6 7.Nbd2 e5 8.dxe5 Nxe5 9.h3 Bxf3 10.Nxf3 Nxf3+ 
11.Qxf3 Be7 12.O-O O-O 13.e4 b5 14.Rd1 Qb6 15.e5 
Nd7 16.Qf5 g6 17.Qxd7 Bh4 18.Be3 d4 
19.Qxd4 1-0

[Event "HCL-C122"]
[Site "www.playchess.de"]
[Date "2000.12.02"]
[Round "8"]
[White "hammodi"]
[Black "ROBIN"]
[WhiteElo "800"]
[BlackElo "1042"]
[PlyCount "83"]
[Result "1-0"]

1.Nf3 d5 2.d4 Nc6 3.e3 f6 4.c3 e5 5.dxe5 fxe5 
6.Bb5 e4 7.Ne5 Qe7 8.Nxc6 bxc6 9.Bxc6+ Bd7 10.Bxa8 
c6 11.Qd4 Qg5 12.O-O Bh3 13.Bxc6+ Kd8 14.Qxd5+ 
Qxd5 15.Bxd5 Nf6 16.c4 g5 17.Bd2 g4 18.Bc3 Bg7 
19.gxh3 gxh3 20.Be6 Ke7 21.Bxh3 h5 22.Bd4 a5 
23.Nc3 Rb8 24.b3 Bf8 25.Bxf6+ Kxf6 26.Nxe4+ Ke5 
27.Ng3 Bg7 28.Rad1 Ra8 29.Rd5+ Kf6 30.Nxh5+ Kg6 
31.Nxg7 Kxg7 32.Rfd1 Rf8 33.Rxa5 Rf6 34.c5 Kg6 
35.Rd6 Kg5 36.Rxf6 Kxf6 37.c6 Ke7 38.c7 Kd6 39.c8Q 
Ke7 40.Ra6 Kf7 41.Qd7+ Kg8 42.Ra8+ 1-0

[Event "HCL-C126"]
[Site "www.playchess.de"]
[Date "2000.12.02"]
[Round "18"]
[White "pandatrax"]
[Black "Coney"]
[WhiteElo "997"]
[BlackElo "1061"]
[PlyCount "58"]
[Result "0-1"]

1.e4 e5 2.Nf3 d5 3.exd5 Qxd5 4.Nc3 Qa5 5.Bb5+ c6 
6.Ba4 b5 7.Bb3 Nd7 8.O-O Ngf6 9.d3 Bb4 10.Ne4 Nxe4 
11.dxe4 O-O 12.c3 Bc5 13.Bd2 Qc7 14.c4 a6 15.cxb5 
axb5 16.a3 Nf6 17.Bc3 Rd8 18.Qc1 Nxe4 19.Bxe5 
Bxf2+ 20.Kh1 Qa7 21.Ng5 Be3 22.Bxf7+ Kh8 23.Qc2 
Nxg5 24.h4 Be6 25.Bxg7+ Kxg7 26.Qc3+ Bd4 27.Qg3 
Bxf7 28.Qxg5+ Kh8 29.Rxf7 Qxf7 0-1

[Event "HCL-C129"]
[Site "www.playchess.de"]
[Date "2000.12.02"]
[Round "5"]
[White "Chill"]
[Black "TRIPLE_H"]
[WhiteElo "1000"]
[BlackElo "199"]
[PlyCount "30"]
[Result "0-1"]

1.c4 Nf6 2.d4 Na6 3.Nc3 g6 4.e4 Bg7 5.Bd3 d6 
6.Nge2 c5 7.O-O e5 8.dxe5 dxe5 9.f4 exf4 10.Nxf4 
O-O 11.Be3 Nb4 12.a3 Bg4 13.Qd2 Nxd3 14.Nfd5 Ne5 
15.Nxf6+ Bxf6 0-1

[Event "HCL-C132"]
[Site "www.playchess.de"]
[Date "2000.12.02"]
[Round "11"]
[White "rafita"]
[Black "Tarahumara"]
[WhiteElo "1228"]
[BlackElo "1128"]
[PlyCount "49"]
[Result "1-0"]

1.e4 e5 2.Nf3 Qf6 3.Bc4 Bc5 4.d3 h6 5.Nc3 c6 6.O-O 
Be7 7.Re1 d6 8.Be3 Qg6 9.Ne2 Bh3 10.Ng3 Bg4 11.c3 
Nf6 12.Qc2 Nh5 13.d4 Bg5 14.dxe5 dxe5 15.Nxe5 Qf6 
16.Nxg4 Qg6 17.Ne5 Qf6 18.Nxf7 Nxg3 19.Nxh8 Nh5 
20.Bf7+ Kf8 21.Bc5+ Qe7 22.Bxe7+ Kxe7 23.Bxh5 Nd7 
24.Ng6+ Kd6 25.e5+ 1-0

[Event "HCL-E014"]
[Site "www.playchess.de"]
[Date "2000.12.02"]
[Round "9"]
[White "Goofy"]
[Black "Alexdan"]
[WhiteElo "2122"]
[BlackElo "2000"]
[PlyCount "72"]
[Result "1/2-1/2"]

1.d4 d5 2.c4 e6 3.Nc3 Nf6 4.Bg5 Be7 5.e3 O-O 6.Nf3 
Nbd7 7.Rc1 c6 8.Bd3 dxc4 9.Bxc4 b5 10.Bd3 a6 11.e4 
Bb7 12.e5 Nd5 13.Bxe7 Qxe7 14.O-O c5 15.dxc5 Nxc5 
16.Bxh7+ Kxh7 17.Qc2+ Kg8 18.Nxd5 Bxd5 19.Qxc5 
Qxc5 20.Rxc5 Bxa2 21.Rc7 a5 22.Rfc1 Bd5 23.Ne1 b4 
24.Nc2 Rfc8 25.Ne3 Rxc7 26.Rxc7 Bb3 27.Kf1 a4 
28.Rb7 Rc8 29.Rxb4 Rc1+ 30.Ke2 Rb1 31.f3 Rxb2+ 
32.Kd3 Rb1 33.Kc3 Rc1+ 34.Kb2 Rc7 35.h4 Kh7 36.g4 
Kh6 1/2-1/2

[Event "ACL-A033"]
[Site "www.playchess.de"]
[Date "2000.12.02"]
[Round "4"]
[White "Whoaplayer"]
[Black "Gabaldon"]
[WhiteElo "1500"]
[BlackElo "1500"]
[PlyCount "27"]
[Result "1-0"]

1.e4 d5 2.exd5 Qxd5 3.Nf3 Bg4 4.Be2 Nf6 5.d3 Nc6 
6.O-O O-O-O 7.h3 Bh5 8.Nbd2 e6 9.c4 Qf5 10.b3 Nb4 
11.Bb2 Nxd3 12.Bxd3 Qxd3 13.Qc1 Bb4 
14.Kh1 1-0

[Event "ACL-A033"]
[Site "www.playchess.de"]
[Date "2000.12.02"]
[Round "6"]
[White "satura"]
[Black "Gabaldon"]
[WhiteElo "1832"]
[BlackElo "1500"]
[PlyCount "27"]
[Result "1-0"]

1.c4 Nf6 2.Nc3 c6 3.d4 d5 4.cxd5 cxd5 5.Nf3 Bg4 
6.Ne5 e6 7.Bg5 Bh5 8.Qa4+ Nc6 9.Nxc6 bxc6 10.Qxc6+ 
Ke7 11.Qb7+ Ke8 12.e4 Be7 13.e5 Ng8 
14.Bb5+ 1-0

[Event "ACL-A036"]
[Site "www.playchess.de"]
[Date "2000.12.02"]
[Round "10"]
[White "soymilk"]
[Black "hun"]
[WhiteElo "1500"]
[BlackElo "1500"]
[PlyCount "61"]
[Result "1-0"]

1.e4 Nc6 2.d4 e5 3.d5 Nb8 4.Nf3 Nf6 5.Nxe5 d6 
6.Bb5+ Ke7 7.Nf3 c6 8.dxc6 bxc6 9.Bd3 Nbd7 10.O-O 
Ne5 11.Nxe5 dxe5 12.Qd2 Be6 13.Qc3 Qc7 14.Nd2 Nd7 
15.Bc4 f6 16.Bxe6 Kxe6 17.b4 Rb8 18.a3 Kf7 19.Qc4+ 
Ke8 20.Rd1 Nb6 21.Qe6+ Be7 22.Nc4 Nxc4 23.Qxc4 Rb5 
24.Be3 a5 25.Qe6 axb4 26.axb4 Rxb4 27.Ra8+ Rb8 
28.Rd7 Qxd7 29.Rxb8+ Qd8 30.Bc5 Qxb8 
31.Qxe7+ 1-0

[Event "ACL-A043"]
[Site "www.playchess.de"]
[Date "2000.12.02"]
[Round "8"]
[White "Spiridonas"]
[Black "donkey"]
[WhiteElo "1500"]
[BlackElo "1500"]
[PlyCount "74"]
[Result "0-1"]

1.e4 c5 2.Nf3 Nc6 3.Nc3 e5 4.Bc4 Be7 5.d3 d6 6.Be3 
Nf6 7.Ng5 O-O 8.Qd2 Ng4 9.h4 Nxe3 10.Qxe3 Bg4 
11.f3 Bh5 12.g4 Bg6 13.Nd5 Nd4 14.Nxe7+ Qxe7 
15.O-O-O Ne6 16.h5 Qxg5 17.Qxg5 Nxg5 18.hxg6 hxg6 
19.Rdf1 Rac8 20.Rh2 Rfe8 21.f4 exf4 22.Rxf4 a6 
23.Rhf2 Rc7 24.c3 b5 25.Bd5 a5 26.b3 b4 27.c4 Kf8 
28.Kd2 f6 29.R2f1 Ke7 30.Ke3 Rh8 31.R1f2 Rcc8 
32.Rg2 Rh3+ 33.Ke2 Rch8 34.Rf1 Kd7 35.Rgg1 R3h2+ 
36.Rf2 Rxf2+ 37.Kxf2 Nh3+ 0-1

[Event "ACL-A050"]
[Site "www.playchess.de"]
[Date "2000.12.02"]
[Round "7"]
[White "donkey"]
[Black "Brrrr"]
[WhiteElo "1100"]
[BlackElo "1500"]
[PlyCount "76"]
[Result "0-1"]

1.e4 c5 2.Nf3 d6 3.d4 cxd4 4.Nxd4 Nf6 5.Nc3 a6 
6.Bc4 e6 7.O-O Be7 8.Bb3 Nc6 9.Be3 b5 10.a3 Bb7 
11.f3 O-O 12.Nxc6 Bxc6 13.Qe2 Qb8 14.Rfd1 Rd8 
15.Qf2 a5 16.Bb6 Rc8 17.Bd4 a4 18.Ba2 b4 19.axb4 
Qxb4 20.Rab1 Bd8 21.Ne2 Qb8 22.Be3 d5 23.exd5 Nxd5 
24.Bxd5 Bxd5 25.Nc3 Bb7 26.Bc5 Bc7 27.g3 Be5 
28.Bd4 Bd6 29.Ne4 Bf8 30.Rd3 e5 31.Bb6 a3 32.Nc5 
axb2 33.Nxb7 Qxb7 34.c4 Ra1 35.Rdd1 Rca8 36.c5 
Rxb1 37.Rxb1 Ra1 38.Qc2 Qxf3 0-1

[Event "ACL-A053"]
[Site "www.playchess.de"]
[Date "2000.12.02"]
[Round "16"]
[White "peze3"]
[Black "hun"]
[WhiteElo "1500"]
[BlackElo "1605"]
[PlyCount "57"]
[Result "1-0"]

1.d4 d5 2.c4 dxc4 3.Nf3 Bd7 4.e3 b5 5.a4 c6 6.b3 
cxb3 7.axb5 cxb5 8.Ne5 Nc6 9.Nxd7 Qxd7 10.Qxb3 b4 
11.Bb5 e6 12.Ra6 Nge7 13.O-O Kd8 14.Qa4 Rc8 15.Bd2 
Rb8 16.Bxc6 Nxc6 17.Rxc6 Rb6 18.Rfc1 Rxc6 19.Rxc6 
Bd6 20.e4 Ke7 21.e5 Kf8 22.exd6 g5 23.Bxg5 Kg7 
24.Qa5 Rb8 25.Qe5+ Kg8 26.Bf6 Qd8 27.d7 Qxf6 
28.Qxf6 h5 29.Rc8+ 1-0

[Event "ACL-A061"]
[Site "www.playchess.de"]
[Date "2000.12.02"]
[Round "1"]
[White "terrydean"]
[Black "iq160"]
[WhiteElo "1500"]
[BlackElo "1500"]
[PlyCount "50"]
[Result "0-1"]

1.e4 c5 2.Nf3 d6 3.d4 cxd4 4.Nxd4 Nf6 5.Nc3 g6 
6.f3 Bg7 7.Be3 O-O 8.Qd2 Nc6 9.O-O-O Bd7 10.g4 Ne5 
11.Be2 Rc8 12.g5 Nh5 13.f4 Nc4 14.Bxc4 Rxc4 15.b3 
Rc8 16.Nd5 e6 17.Nb4 a5 18.Nd3 a4 19.Qb4 axb3 
20.Nxb3 Bc6 21.Qb6 Bxe4 22.Qxd8 Rfxd8 23.Rhg1 Rc3 
24.Rgf1 Rdc8 25.Rf2 Bxd3 0-1

[Event "ACL-A062"]
[Site "www.playchess.de"]
[Date "2000.12.02"]
[Round "15"]
[White "Yogibear"]
[Black "babycakes"]
[WhiteElo "1749"]
[BlackElo "1391"]
[PlyCount "25"]
[Result "1-0"]

1.c4 c5 2.Nf3 Nf6 3.g3 Nc6 4.Bg2 d5 5.d4 cxd4 
6.Nxd4 Nxd4 7.Qxd4 e5 8.Qxe5+ Be6 9.cxd5 Nxd5 
10.O-O Qd6 11.Qxd6 Bxd6 12.Bxd5 Bxd5 
13.Rd1 1-0

[Event "ACL-E005"]
[Site "www.playchess.de"]
[Date "2000.12.02"]
[Round "2"]
[White "Gearloose"]
[Black "oliver"]
[WhiteElo "1887"]
[BlackElo "2024"]
[PlyCount "32"]
[Result "0-1"]

1.e4 e6 2.d4 d5 3.e5 c5 4.c3 Nc6 5.Nf3 Bd7 6.a3 f6 
7.Bf4 Qb6 8.b4 cxd4 9.cxd4 g5 10.Be3 g4 11.Nfd2 
fxe5 12.Nb3 exd4 13.Nxd4 e5 14.Nxc6 Qxc6 15.b5 Qd6 
16.Be2 d4 0-1

[Event "HCL-A038"]
[Site "www.playchess.de"]
[Date "2000.12.03"]
[Round "18"]
[White "Dany"]
[Black "Felix"]
[WhiteElo "1700"]
[BlackElo "1518"]
[PlyCount "36"]
[Result "0-1"]

1.d4 Nf6 2.c4 g6 3.Nc3 d5 4.cxd5 Nxd5 5.e4 Nxc3 
6.bxc3 Bg7 7.Nf3 c5 8.Be3 O-O 9.Bc4 Bg4 10.Bd5 Nc6 
11.h3 Bxf3 12.Qxf3 cxd4 13.Bxd4 Nxd4 14.cxd4 e6 
15.Bxb7 Qa5+ 16.Kd1 Rad8 17.Kc2 Qa4+ 18.Qb3 
Qxd4 0-1

[Event "HCL-A039"]
[Site "www.playchess.de"]
[Date "2000.12.03"]
[Round "20"]
[White "Flash_Force"]
[Black "nomad"]
[WhiteElo "1700"]
[BlackElo "1689"]
[PlyCount "103"]
[Result "1-0"]

1.e4 e5 2.f4 exf4 3.Nf3 Be7 4.Bc4 Bh4+ 5.Kf1 Nf6 
6.Nxh4 Nxe4 7.Qe1 O-O 8.Qxe4 Qxh4 9.d4 d6 10.Qxf4 
Qh5 11.Be2 Qg6 12.Bd3 Qh5 13.Nc3 Re8 14.Bd2 Re6 
15.Re1 Nc6 16.Rxe6 fxe6 17.Kf2 Bd7 18.Be2 Qg6 
19.Qe4 Rf8+ 20.Ke1 Qxe4 21.Nxe4 Nxd4 22.Bd3 Bc6 
23.Rf1 Rxf1+ 24.Kxf1 Bb5 25.c4 Ba6 26.Be3 Nc6 
27.Ng5 Ne5 28.Bxh7+ Kh8 29.b3 d5 30.Bf4 Nc6 31.Bd3 
e5 32.Nf7+ Kg8 33.Nxe5 Nb4 34.Be2 Nxa2 35.cxd5 
Bxe2+ 36.Kxe2 Nc3+ 37.Kd3 Nxd5 38.Bd2 Kf8 39.g4 
Ke7 40.h4 Ke6 41.Nf3 c5 42.h5 Nf6 43.Ng5+ Kd5 
44.Bc3 Nxg4 45.Bxg7 Ne5+ 46.Bxe5 c4+ 47.bxc4+ Kxe5 
48.c5 Kf6 49.Ne4+ Kg7 50.Nd6 a5 51.Nxb7 a4 
52.Kc3 1-0

[Event "HCL-A046"]
[Site "www.playchess.de"]
[Date "2000.12.03"]
[Round "9"]
[White "paule"]
[Black "Mandrake"]
[WhiteElo "1819"]
[BlackElo "1498"]
[PlyCount "45"]
[Result "1-0"]

1.e4 Nc6 2.d4 e5 3.d5 Nce7 4.Nf3 Ng6 5.h4 h5 6.Bg5 
Nf6 7.c4 Bc5 8.Nc3 O-O 9.Nd2 d6 10.Be2 a6 11.g3 
Bd7 12.Bxh5 Qc8 13.Bxf6 gxf6 14.Qf3 f5 15.exf5 
Bxf5 16.g4 Bd7 17.Nde4 Bd4 18.Qf6 Bxg4 19.Bxg6 Qd8 
20.Bf5 Bxf5 21.Qxf5 f6 22.Rg1+ Kf7 
23.Qe6+ 1-0

[Event "HCL-A046"]
[Site "www.playchess.de"]
[Date "2000.12.03"]
[Round "13"]
[White "Mandrake"]
[Black "peze3"]
[WhiteElo "1498"]
[BlackElo "1700"]
[PlyCount "36"]
[Result "0-1"]

1.h4 d5 2.d4 Nf6 3.e3 e6 4.Bd3 Nbd7 5.Nf3 Be7 
6.Nbd2 O-O 7.c4 c5 8.b3 cxd4 9.Nxd4 e5 10.Ne2 Nc5 
11.Bc2 d4 12.exd4 exd4 13.Bb1 Bg4 14.f3 d3 15.Nf4 
Qd4 16.fxg4 Bd6 17.Nf3 Qxa1 18.Bxd3 
Bxf4 0-1